000 00511ntaaa2200193 4500
003 01
005 20251027202120.0
008 0714s1973 ag 01
040 _aAR-BaBN
_bspa
_cAR-BaBN
_eaacr
_dRIC
082 _a261.8000 C74d
100 _aConcilio Mundial de Iglesias
_918651
245 _aEstructuras de injusticias y luchas por la liberación
250 _a1 ed.
260 _aBuenos Aires :
_bAurora,
_c1975
300 _a126 p
650 _aiglesia-sociedad
650 _aliberacion
_9593
942 _cBK
999 _c16048
_d16048